| 000 | 00591nam a2200193Ia 4500 | ||
|---|---|---|---|
| 003 | IN-BaIIA | ||
| 008 | 211028s9999 xx 000 0 eng d | ||
| 020 | _a0-08-042490-2 | ||
| 040 | _cIIA Library | ||
| 080 |
_a047.1:539.1 _bPRO-32 |
||
| 245 | 0 |
_aProgress in pticle and nuclear physics _bvol.32 _cedited by A. Faessler |
|
| 260 |
_aOxford _bElsevier _c1994 |
||
| 300 | _a[various pagings.] | ||
| 650 |
_aNuclear physics _91527 |
||
| 650 |
_apticle physics _92818 |
||
| 650 |
_apticles _910924 |
||
| 700 |
_aFaessler, A., ed. _920783 |
||
| 942 | _cBK | ||
| 999 |
_c11949 _d11949 |
||